Physical and engineering aspects of thermal pollution /

Na minha lista:
Detalhes bibliográficos
Autor principal: Parker, Frank L., 1926-
Autor Corporativo: Chemical Rubber Company
Outros Autores: Krenkel, Peter A. (joint author.)
Formato: Livro
Idioma:English
Publicado em: London : Butterworths, 1970.
Colecção:CRC monoscience series
Assuntos:
LEADER 01386cam a2200349 a 4500
001 c000293547
003 CARM
005 20090825090202.0
008 720119s1970 enka b 000 0 eng d
010 |a 72878211 
015 |a B71-08963 
019 1 |a 493696  |z 23904300  |z 55201626  |5 LACONCORD2021 
020 |a 0408701439 
035 |a (OCoLC)240450  |5 LACONCORD2021 
040 |a LC  |b eng  |c LC  |d LC  |d VCAV 
050 0 |a TD427.H4  |b P37 1970 
050 0 0 |a TD427.H4  |b P37 1970 
082 0 4 |a 628.1683 
100 1 |a Parker, Frank L.,  |d 1926- 
245 1 0 |a Physical and engineering aspects of thermal pollution /  |c authors, Frank L. Parker, Peter A. Krenkel. 
260 |a London :  |b Butterworths,  |c 1970. 
300 |a 100 p. :  |b ill. ;  |c 28 cm. 
490 0 |a CRC monoscience series 
500 |a At head of title: CRC. 
500 |a Originally appeared as part of an article in CRC critical reviews in environmental control. 
504 |a Bibliography: p. 86-100. 
650 0 |a Thermal pollution of rivers, lakes, etc. 
700 1 |a Krenkel, Peter A.  |e joint author. 
710 2 |a Chemical Rubber Company.  |t CRC critical reviews in environmental control 
852 8 |b CARM  |h A1:AN10C0  |i F02649  |p 0390322  |f BK 
999 f f |i 50832d87-f96b-5068-865e-c7bcfbc345e5  |s 9ba91c8e-6fd9-51de-b844-f7699027961e 
952 f f |p Can circulate  |a CAVAL  |b CAVAL  |c CAVAL  |d CARM 1 Store  |e F02649  |f A1:AN10C0  |h Other scheme  |i book  |m 0390322